| 000 | 00775nam a2200157Ia 4500 | ||
|---|---|---|---|
| 008 | 100122s9999 xx 000 0 und d | ||
| 082 |
_b46306 _a808.6 |
||
| 100 | _aआंबेडक र बाबासाहेब | ||
| 245 | _aडॉ.बाबासाहेब आंबेडकरांची विलायतेहुन आलेली पत्रे | ||
| 250 | _a1 | ||
| 260 |
_bरघुवंशी प्रकाशन _c1990 |
||
| 300 | _a108 | ||
| 630 | _aडॉ.बाबासाहेब आंबेडकरांची विलायतेहुन आलेली पत्रे | ||
| 730 | _aडॉ.बाबासाहेब आंबेडकरांची विलायतेहुन आलेली पत्रे | ||
| 942 | _cBOOK | ||
| 999 |
_c425513 _d425510 |
||